000 00511nam a2200181 i 4500
001 69932
003 ES-MaACL
007 t|
008 040713s1975 sp ||||1| spa d
020 _a8473310276
100 0 _aGarcía Madrid, Andrés,
_d1927-2000
_954876
245 1 0 _aSubversiones o clamor portugués /
_cAndrés García Martín.
260 _a[Madrid] :
_bHelios,
_c[1975]
300 _a72 p. ;
_c17 cm.
852 _aES-MaACL
_jE-8071
_bR.92406
942 _2udc
999 _c69932
_d69932